Movies Quiz

Random Movies or Director Quiz

Studios Made These Movies Better?! Quiz Stats

Quiz Updated Aug 24, 2016

Also try: Movie by the Twist
Challenge
Share
Tweet
Embed
Score 0/25 Timer 06:00
6 Plays Today
% Correct
DodgeBall: A True Underdog Story
90.9%
Fight Club
89.2%
Casablanca
87.1%
Lord of the Rings
84.9%
How to Train Your Dragon
81%
Dawn of the Dead
79.5%
The Matrix
78.9%
Little Shop of Horrors
76.4%
Lethal Weapon
75.6%
Apocalypse Now
75.2%
Predator
74.5%
Conan the Barbarian
72.5%
The Avengers
71%
% Correct
Final Destination
63.8%
The Big Sleep (1946)
60.4%
Red Dawn (2012)
59.1%
The Wizard of Oz
57%
Suspicion
53.7%
The Butterfly Effect
53.6%
Donnie Darko
51%
Army of Darkness
49.9%
A Life of Her Own
45.8%
Back to the Future
45.1%
Clerks
41.2%
Alien
35.9%

You're not logged in!

Compare scores with friends on all Sporcle quizzes.
Join for Free
OR
Log In

You Might Also Like...

Show Comments

Extras

Top Quizzes Today


Score Distribution

Your Account Isn't Verified!

In order to create a playlist on Sporcle, you need to verify the email address you used during registration. Go to your Sporcle Settings to finish the process.

Report this User

Report this user for behavior that violates our Community Guidelines.

Details: